[Event "6th Porticcio Open 2019"]
[Site "Porticcio"]
[Date "2019.06.29"]
[Round "1.1"]
[White "Fedorchuk, Sergey A."]
[Black "Papadiamandis, Elliot"]
[Result "1-0"]
[WhiteElo "2631"]
[BlackElo "2226"]
[Annotator "TA"]
[PlyCount "105"]
[EventDate "2019.06.23"]
[EventType "swiss"]
[EventCountry "FRA"]
[SourceTitle "playchess.com"]
[Source "ChessBase"]
[SourceQuality "1"]

{[%evp 14,105,0,0,0,0,0,0,0,-8,0,0,11,7,19,3,16,14,17,0,18,-6,0,0,0,-7,6,12,29,-9,14,0,40,10,42,-12,2,-14,-19,-9,-17,-16,0,0,21,3,24,0,29,42,68,9,41,52,72,81,71,76,119,112,97,76,86,93,127,128,128,135,135,129,143,125,234,237,311,275,286,281,272,266,276,258,806,807,805,765,816,804,956,935,1260,1080,1083,654]} 1. e4 c5 2. Nf3 d6 3. d4 Nf6 4. Nc3 cxd4 5. Nxd4 a6 6. Be2 e5 7. Nf3 Be7 8. Bg5 Be6 {B92: Sicilian Najdorf: 6 Be2} 9. Bxf6 Bxf6 10. Nd5 (10. O-O O-O 11. Qd2 Be7 12. Nd5 Nd7 13. Nxe7+ Qxe7 14. Rfd1 Rac8 15. c3 Rc6 16. Ng5 Nf6 17. Nxe6 fxe6 18. Qe3 Qc7 {½-½ (45) Harikrishna,P (2730)-Shankland,S (2731) Prague 2019}) 10... Nd7 {The position is equal.} 11. Bc4 Rc8 12. Qe2 Be7 13. O-O O-O 14. Rad1 $146 ({Predecessor:} 14. Rfd1 Nb6 15. Nxb6 Qxb6 16. Bb3 {½-½ (40) Paehtz,E (2453)-Raja,H (2423) Douglas 2017}) 14... Nc5 15. c3 b5 16. Bb3 Rb8 17. Bc2 Re8 18. b4 Nd7 19. Bb3 Bf8 20. Rd3 a5 21. Ne3 a4 22. Bd5 Qf6 23. Nd2 Rec8 24. Nb1 (24. a3 $14) 24... Qd8 25. Ng4 h5 26. Ne3 Nf6 27. h3 Qd7 28. Rfd1 Rc7 29. R3d2 Qc8 30. Rc2 Qd7 31. Na3 g6 32. Qd3 (32. Bxe6 $14 fxe6 33. c4) 32... Qe8 33. Rb1 Bd7 34. c4 bxc4 35. Bxc4 Bc6 36. Nd5 Bxd5 37. Bxd5 Rxc2 38. Nxc2 Qb5 39. Qxb5 Rxb5 40. Na3 Rb8 41. b5 Be7 42. Nc4 Kf8 (42... Nxd5 $16 {was necessary.} 43. exd5 Kf8) 43. Bc6 $18 Bd8 44. Nxd6 Bb6 45. Nc4 Bd4 46. Rb4 a3 47. Rb3 Bb2 $2 {[#]} (47... Ke7 48. b6 (48. Nxa3 Nd7 $18) 48... Nd7) 48. Nxb2 {White is clearly winning.} axb2 49. Rxb2 Ke7 50. a4 {[%cal Ba2a4,Ba4a5,Ba5a6][%mdl 32]} Kd6 51. a5 Kc5 52. Ra2 Rd8 53. a6 {Accuracy: White = 62%, Black = 19%.} 1-0

[Event "6th Porticcio Open 2019"]
[Site "Porticcio"]
[Date "2019.06.29"]
[Round "1.2"]
[White "Ghazarian, Kirk"]
[Black "Onischuk, Vladimir"]
[Result "0-1"]
[WhiteElo "2224"]
[BlackElo "2630"]
[Annotator "TA"]
[PlyCount "52"]
[EventDate "2019.06.23"]
[EventType "swiss"]
[EventCountry "FRA"]
[SourceTitle "playchess.com"]
[Source "ChessBase"]
[SourceQuality "1"]

{[%evp 15,65,16,28,33,83,35,67,47,53,18,23,0,0,-21,5,-10,-2,-82,-62,-73,-69,-126,-125,-125,-125,-130,-150,-140,-137,-143,-143,-139,-141,-139,-127,-131,-148,-154,-152,-145,-145,-184,-148,-166,-181,-204,-230,-202,-202,-792,-783,-29994]} 1. d4 d6 2. e4 Nf6 3. Nc3 g6 4. Be3 c6 5. Qd2 Nbd7 6. Nf3 Qa5 7. h3 Bg7 8. Bd3 O-O 9. O-O {B08: Pirc Defence: Classical System} Re8 (9... Qc7 10. a4 a5 11. d5 Nb6 12. Be2 e6 13. dxe6 Bxe6 14. Nd4 Bc4 15. Bh6 Bxh6 16. Qxh6 Bxe2 17. Ndxe2 {1-0 (26) Van Foreest,J (2551)-Bachmann,A (2621) Stockholm 2016}) 10. a4 Qc7 11. Rfd1 {White is slightly better.} b6 12. Bc4 $146 ({Predecessor:} 12. Re1 Bb7 13. e5 dxe5 14. Nxe5 Nxe5 15. dxe5 Qxe5 16. Bxb6 {1-0 (32) Boccia,M-Rubini,S corr 1996}) 12... Bb7 13. Ng5 e6 14. Bb3 Rad8 15. Bf4 a6 16. h4 (16. Nf3 $11 {remains equal.}) 16... c5 $17 17. dxc5 Nxc5 18. f3 (18. Bxd6 $15 Qc6 19. Qf4) 18... Nxb3 19. cxb3 {[%cal Rf4d6]} e5 20. Be3 h6 $1 21. Nh3 d5 $1 {[%cal Rd5e4]} 22. exd5 Nxd5 23. Nxd5 Rxd5 24. Qb4 {[#]} e4 $1 25. Rxd5 Bxd5 26. f4 Bxb2 {Played: Qc7-c2} 0-1

[Event "6th Porticcio Open 2019"]
[Site "Porticcio"]
[Date "2019.06.29"]
[Round "1.3"]
[White "Krasenkow, Michal"]
[Black "Neustroev, Victor"]
[Result "1/2-1/2"]
[WhiteElo "2620"]
[BlackElo "2220"]
[Annotator "TA"]
[PlyCount "72"]
[EventDate "2019.06.23"]
[EventType "swiss"]
[EventCountry "FRA"]
[SourceTitle "playchess.com"]
[Source "ChessBase"]
[SourceQuality "1"]

{[%evp 18,72,0,0,22,31,50,33,51,64,93,21,68,63,54,50,68,46,153,72,74,0,0,0,0,0,0,0,0,0,0,0,0,-106,-101,-108,-90,-63,-12,-42,0,0,0,0,0,0,0,-53,0,0,0,0,0,0,0,0,0]} 1. Nf3 d5 2. d4 Nf6 3. c4 c6 4. Qb3 e6 5. g3 Nbd7 6. Bg2 Be7 7. O-O O-O 8. Bg5 b6 9. Rd1 Bb7 10. Nc3 dxc4 {E11: Bogo-Indian} (10... Rc8 11. Rac1 h6 12. Bxf6 Bxf6 13. e4 dxc4 14. Qxc4 c5 15. d5 exd5 16. Nxd5 Bxb2 17. Rb1 Bd4 18. Nxd4 cxd4 19. Qxd4 {½-½ (40) Ding,L (2749)-Bruzon Batista,L (2669) Danzhou 2015}) 11. Qxc4 b5 $146 ({Predecessor:} 11... h6 12. Bxf6 Bxf6 13. Ne4 Qe7 14. Nxf6+ Qxf6 {½-½ (39) Svancara,P (2096)-Svanda,P (2086) Czech Republic 2018}) 12. Qb3 b4 {White is slightly better.} 13. Na4 Qa5 14. Rac1 ({Better is} 14. a3 $16) 14... c5 15. Bxf6 gxf6 16. Nxc5 Nxc5 17. dxc5 Rac8 {[#]} (17... Bxc5 $14 18. Qc4 Bb6) 18. Rd7 (18. Nd4 $142 $1 Bxg2 19. Kxg2 Bxc5 20. Qf3) 18... Bd5 $16 19. Qe3 (19. Qd1 $16 Bxc5 20. e3) 19... Bxc5 $11 20. Qh6 Qb6 21. Rf1 $1 Rfd8 22. Rxd8+ Qxd8 23. Rd1 Bf8 24. Qf4 {And now e4 would win.} Qc7 25. Qxf6 {[#]} (25. Qg4+ $11 Kh8 26. Nd4) 25... Bg7 $1 $17 {[%cal Rg7f6]} 26. Qh4 Qc2 $36 {[%mdl 2048] Black is in control.} ({Much worse is} 26... Bxa2 $6 27. Qxb4 Qc2 28. Ra1 $11) ({Inferior is} 26... Bxb2 27. Ng5 $16) 27. Rd2 Qc1+ (27... Qb1+ $1 $15 28. Bf1 h6) 28. Bf1 $11 Bxf3 ({Of course not} 28... Bxa2 29. Rd8+ Rxd8 30. Qxd8+ Bf8 31. Ne5 $14) 29. Rd8+ Rxd8 30. Qxd8+ Bf8 {Strongly threatening ...Bxe2.} 31. exf3 Qxb2 32. Bd3 ({White should play} 32. Kg2 $11) 32... Qxa2 (32... h6 $15) 33. Qg5+ {The position is equal.} Bg7 34. Qd8+ Bf8 35. Qg5+ Bg7 36. Qd8+ Bf8 {Accuracy: White = 55%, Black = 36%.} 1/2-1/2

[Event "6th Porticcio Open 2019"]
[Site "Porticcio"]
[Date "2019.06.29"]
[Round "1.4"]
[White "Defromont, Benjamin"]
[Black "Donchenko, Alexander"]
[Result "0-1"]
[WhiteElo "2218"]
[BlackElo "2618"]
[Annotator "TA"]
[PlyCount "90"]
[EventDate "2019.06.23"]
[EventType "swiss"]
[EventCountry "FRA"]
[SourceTitle "playchess.com"]
[Source "ChessBase"]
[SourceQuality "1"]

{[%evp 21,90,0,0,0,0,0,0,-27,0,-34,-32,-36,-25,-33,0,-42,-36,-34,-32,-85,-85,-77,-58,-60,-63,-63,-66,-66,-60,-56,-56,-93,-53,-131,-129,-139,-131,-130,-129,-145,-130,-135,-110,-130,-120,-130,-105,-126,-129,-225,-252,-253,-249,-256,-245,-231,-253,-275,-286,-438,-426,-681,-689,-686,-669,-656,-606,-545,-540,-721,-722]} 1. e4 c5 2. Nf3 d6 3. d4 cxd4 4. Nxd4 Nf6 5. Nc3 a6 6. f4 e5 7. Nf3 Nbd7 8. a4 Qc7 9. Bd3 Be7 10. O-O O-O 11. Kh1 Re8 12. fxe5 {B93: Sicilian Najdorf: 6 f4} (12. Qe2 Nc5 13. fxe5 dxe5 14. Bg5 Be6 15. Nh4 Ng4 16. Bxe7 Qxe7 17. Nf5 Bxf5 18. Rxf5 Nxd3 19. cxd3 Nh6 {0-1 (36) Reeh,O (2454)-Guliyev,N (2510) Germany 2010}) 12... dxe5 13. Bg5 h6 14. Be3 $146 {The position is equal.} ({Predecessor:} 14. Bh4 b6 15. Qe2 Bb7 16. Bc4 Bb4 17. Bxf6 Nxf6 18. Nh4 Rec8 19. Bb3 Bxc3 20. Rxf6 gxf6 {1-0 (42) Ladron de Guevara Pinto,P (2348)-Hernandez Munoz,A (2154) Seville 2016}) 14... Nc5 15. Qe1 Be6 16. Qg3 Rad8 17. Rad1 Kh8 18. Nh4 Nh5 19. Qf3 Nf4 20. Bxf4 ({White should play} 20. Nf5 $15) 20... exf4 21. Nf5 Bf6 22. Nd5 Bxd5 23. exd5 Qe5 $36 {[%mdl 2048] White is under pressure.} 24. Qxf4 Qxf4 25. Rxf4 Bxb2 26. Ng3 Re7 ({Of course not} 26... Nxd3 $6 27. Rxd3 Rd7 28. Kg1 $11) 27. Bc4 ({Better is} 27. Bf1 $15) 27... Be5 $17 28. Re1 g6 ({Much weaker is} 28... Bxf4 $6 29. Rxe7 Bd6 30. Rxf7 $11) 29. a5 f5 30. Rf3 Rde8 31. Nf1 Ne4 32. g3 Kg7 33. Kg2 h5 34. Bd3 Bc3 35. Re2 (35. Rb1 $17 {was worth a try.} Ng5 36. Rf2) 35... Bxa5 $19 36. Bxe4 Rxe4 ({But not} 36... fxe4 37. Rb3 $17) 37. Rxe4 Rxe4 {[%mdl 4096] Endgame KRB-KRN} 38. Rb3 Rb4 39. Rd3 Rc4 40. d6 (40. Ne3 {is the only way for White.} Rc3 41. Rxc3 Bxc3 42. Kf3) 40... Rxc2+ {Black is clearly winning.} 41. Kf3 (41. Kg1 $142 Rc3 42. Rd1) 41... Rc3 42. Rxc3 Bxc3 43. Ne3 Kf7 44. Nd5 Bf6 45. Nf4 a5 {Accuracy: White = 45%, Black = 73%.} 0-1

[Event "6th Porticcio Open 2019"]
[Site "Porticcio"]
[Date "2019.06.29"]
[Round "1.5"]
[White "Vocaturo, Daniele"]
[Black "Janzelj, Lara"]
[Result "1-0"]
[WhiteElo "2612"]
[BlackElo "2206"]
[Annotator "TA"]
[PlyCount "43"]
[EventDate "2019.06.23"]
[EventType "swiss"]
[EventCountry "FRA"]
[SourceTitle "playchess.com"]
[Source "ChessBase"]
[SourceQuality "1"]

{[%evp 15,43,18,32,38,33,35,32,29,42,42,46,26,104,101,167,118,89,75,87,104,119,85,122,80,245,202,479,456,493,486]} 1. e4 e5 2. Nf3 Nc6 3. Bc4 Bc5 4. c3 Nf6 5. d3 a6 6. Bb3 d6 7. h3 Ba7 8. Nbd2 {[%cal Bb1d2,Bd2f1,Bf1g3,Bg3f5][%mdl 32]} Ne7 9. Nf1 {C54: Giuoco Piano: 4 c3 Nf6, main lines with 5 d4 and 5 d3} Ng6 10. Ng3 O-O 11. O-O {White is slightly better.} Re8 12. Re1 c6 (12... h6 13. d4 c6 14. Be3 exd4 15. Bxd4 c5 {½-½ (15) Andreikin,D (2719)-Mamedyarov,S (2817) St Petersburg 2018}) 13. d4 {[#]} Qc7 $146 (13... h6 $11) ({Predecessor:} 13... h6 14. Bc2 Qc7 15. Be3 Bd7 16. Qd2 c5 17. Rad1 cxd4 18. cxd4 Rac8 19. Bb1 {0-1 (58) Alekseev,E (2616)-Sjugirov,S (2650) Riadh 2017}) 14. Bg5 $16 Nd7 (14... Kh8 $16) 15. Nf5 exd4 16. cxd4 Ndf8 17. Qc2 Ne6 18. Be3 Nef4 19. Rad1 Qd7 $2 (19... d5 $16 {might work better.}) 20. Ng5 d5 $2 {[#]} (20... Rf8 {is a better defense.} 21. Qd2 Nxg2 22. Kxg2 d5) 21. Bxf4 $1 $18 {aiming for exd5.} Nxf4 {[#]} 22. exd5 $1 {Accuracy: White = 74%, Black = 30%.} 1-0

[Event "6th Porticcio Open 2019"]
[Site "Porticcio"]
[Date "2019.06.29"]
[Round "1.6"]
[White "Krasenkova, Ilena"]
[Black "Van Wely, Loek"]
[Result "0-1"]
[WhiteElo "2194"]
[BlackElo "2604"]
[Annotator "TA"]
[PlyCount "40"]
[EventDate "2019.06.23"]
[EventType "swiss"]
[EventCountry "FRA"]
[SourceTitle "playchess.com"]
[Source "ChessBase"]
[SourceQuality "1"]

{[%evp 14,40,30,27,68,64,70,65,77,63,62,10,24,23,28,20,37,45,37,37,41,-16,23,14,10,-7,4,-16,0]} 1. d4 Nf6 2. c4 g6 3. Nc3 Bg7 4. e4 d6 5. h3 O-O 6. Nf3 Na6 7. Bg5 Qe8 8. Bd3 h6 {E90: King's Indian: Classical: Early deviations and 6 h3} (8... e5 9. O-O Nh5 10. Re1 exd4 11. Nd5 f6 12. Bc1 c6 13. g4 Qd7 14. Bf1 f5 15. gxh5 fxe4 16. Nxd4 cxd5 17. hxg6 hxg6 18. cxd5 {½-½ (79) Arnaudov,P (2489)-Spasov,V (2566) Bankia 2013}) 9. Be3 e5 10. dxe5 $146 ({Predecessor:} 10. d5 Bd7 11. Qd2 Kh7 12. g4 Ng8 13. O-O-O c6 14. dxc6 Bxc6 15. Bc2 Nb4 16. Bb1 {1-0 (44) Thesing,M (2430)-Voekler,B (2410) Germany 1997}) 10... dxe5 {White is slightly better.} 11. Qd2 Kh7 12. g4 ({White should try} 12. a3 $14) 12... Nd7 13. O-O-O Ndc5 14. Bc2 Be6 15. Nd5 Nd7 16. Kb1 c6 17. Qa5 (17. g5 $14 h5 18. Qe2) 17... Qd8 18. Qa3 f6 {The position is equal.} 19. c5 Re8 20. Nc3 Bf8 {[%mdl 32768] Accuracy: White = 41%, Black = 47%. . Loss on time!?} 0-1

[Event "6th Porticcio Open 2019"]
[Site "Porticcio"]
[Date "2019.06.29"]
[Round "1.7"]
[White "Lagarde, Maxime"]
[Black "Marie, Maxime"]
[Result "1-0"]
[WhiteElo "2599"]
[BlackElo "2190"]
[Annotator "RC"]
[PlyCount "47"]
[EventDate "2019.06.23"]
[EventType "swiss"]
[EventCountry "FRA"]
[SourceTitle "playchess.com"]
[Source "ChessBase"]
[SourceQuality "1"]
[TimeControl "5400+30"]

1. e4 {[%emt 0:00:00]} g6 {[%emt 0:00:14]} 2. d4 {[%emt 0:00:02]} c6 {[%emt 0:00:26]} 3. Nf3 {[%emt 0:01:49]} Bg7 {[%emt 0:00:27]} 4. Bd3 {[%emt 0:00:42]} d6 {[%emt 0:00:51]} 5. h3 {[%emt 0:04:15]} Nd7 {[%emt 0:02:18]} 6. c4 {[%emt 0:07:13]} e5 {[%emt 0:02:26]} 7. d5 {[%emt 0:00:11]} cxd5 {[%emt 0:03:03]} 8. cxd5 {[%emt 0:00:06]} Ne7 {[%emt 0:00:31]} 9. Nc3 {[%emt 0:01:59]} O-O {[%emt 0:01:34]} 10. g4 {[%emt 0:03:28]} a6 {[%emt 0:03:51]} 11. a4 {[%emt 0:04:55]} a5 {[%emt 0:07:51]} 12. Rg1 {[%emt 0:03:25]} Nc5 {[%emt 0:12:32]} 13. Bc2 {[%emt 0:00:14]} Kh8 {[%emt 0:02:15]} 14. h4 {[%emt 0:03:11]} h6 {[%emt 0:11:06]} 15. Be3 {[%emt 0:02:35]} Bd7 {[%emt 0:01:37]} 16. Qd2 {[%emt 0:01:24]} Ng8 {[%emt 0:00:32]} 17. h5 {[%emt 0:04:26]} g5 {[%emt 0:02:12]} 18. Nh2 {[%emt 0:02:04]} Qc8 {[%emt 0:06:19]} 19. f3 {[%emt 0:00:16]} Bf6 {[%emt 0:01:29]} 20. Nf1 {[%emt 0:04:37]} Bd8 {[%emt 0:02:10]} 21. Qe2 {[%emt 0:02:03]} Nf6 {[%emt 0:04:06]} 22. Nd2 {[%emt 0:01:07]} Ne8 {[%emt 0:00:52]} 23. Nc4 {[%emt 0:00:47]} Qb8 {[%emt 0:03:01]} 24. Nb5 {[%emt 0:08:18]} 1-0

[Event "6th Porticcio Open 2019"]
[Site "Porticcio"]
[Date "2019.06.29"]
[Round "1.8"]
[White "Dev, Shah"]
[Black "Zhigalko, Sergei"]
[Result "0-1"]
[WhiteElo "2183"]
[BlackElo "2594"]
[Annotator "ChessBase"]
[PlyCount "82"]
[EventDate "2019.06.23"]
[EventType "swiss"]
[EventCountry "FRA"]
[SourceTitle "playchess.com"]
[Source "ChessBase"]
[SourceQuality "1"]
[TimeControl "5400+30"]

1. d4 {[%emt 0:00:23]} Nf6 {[%emt 0:00:00]} 2. c4 {[%emt 0:00:12]} e6 {[%emt 0:00:00]} 3. Nc3 {[%emt 0:00:07]} Bb4 {[%emt 0:00:00]} 4. e3 {[%emt 0:00:08]} O-O {[%emt 0:00:00]} 5. Bd3 {[%emt 0:00:09]} d5 {[%emt 0:00:26]} 6. Nf3 {[%emt 0:00:08]} b6 {[%emt 0:00:08]} 7. cxd5 {[%emt 0:00:20]} exd5 {[%emt 0:00:05]} 8. O-O {[%emt 0:00:10]} Bb7 {[%emt 0:00:03]} 9. Ne5 {[%emt 0:00:08]} Bd6 {[%emt 0:00:06]} 10. f4 {[%emt 0:00:13]} c5 {[%emt 0:00:05]} 11. Qf3 {[%emt 0:00:19]} Nc6 {[%emt 0:03:23]} 12. Qh3 {[%emt 0:02:09]} g6 {[%emt 0:12:09]} 13. Qh6 {[%emt 0:07:15]} Re8 {[%emt 0:09:19]} 14. Bd2 {[%emt 0:18:51]} Bf8 {[%emt 0:02:01]} 15. Qh3 {[%emt 0:01:34]} cxd4 {[%emt 0:01:02]} 16. Nxc6 {[%emt 0:00:44]} Bxc6 {[%emt 0:00:07]} 17. exd4 {[%emt 0:00:08]} Ne4 {[%emt 0:00:57]} 18. Bxe4 {[%emt 0:02:17]} dxe4 {[%emt 0:00:15]} 19. Be3 {[%emt 0:00:59]} Bd7 {[%emt 0:03:59]} 20. Qg3 {[%emt 0:02:11]} Bg7 {[%emt 0:00:10]} 21. Rfd1 {[%emt 0:07:09]} b5 {[%emt 0:05:19]} 22. Rac1 {[%emt 0:05:15]} b4 {[%emt 0:05:06]} 23. Nb1 {[%emt 0:01:50]} Bb5 {[%emt 0:06:26]} 24. Qf2 {[%emt 0:05:13]} Bd3 {[%emt 0:02:19]} 25. Nd2 {[%emt 0:01:44]} Qa5 {[%emt 0:01:45]} 26. Ra1 {[%emt 0:02:43]} Qd5 {[%emt 0:01:07]} 27. Nb3 {[%emt 0:00:25]} Bc4 {[%emt 0:02:15]} 28. Nc5 {[%emt 0:01:48]} Rac8 29. b3 Bb5 30. Qe1 Rb8 31. a4 bxa3 32. Rxa3 a6 33. Ra5 Rb6 34. Qd2 Rd8 35. Qa2 Rbd6 36. Rd2 Qc6 37. Qb2 Bxd4 38. Rxd4 Qxc5 39. b4 Qb6 40. Rd3 exd3 41. Bxb6 d2 0-1

[Event "6th Porticcio Open 2019"]
[Site "Porticcio"]
[Date "2019.06.30"]
[Round "2.1"]
[White "Piscopo, Pierluigi"]
[Black "Fedorchuk, Sergey A."]
[Result "1/2-1/2"]
[WhiteElo "2407"]
[BlackElo "2631"]
[Annotator "TA"]
[PlyCount "131"]
[EventDate "2019.06.23"]
[EventType "swiss"]
[EventCountry "FRA"]
[SourceTitle "playchess.com"]
[Source "ChessBase"]
[SourceQuality "1"]

{[%evp 9,131,9,42,0,10,14,16,-13,0,-80,-74,-72,-75,-63,-74,-96,-93,-77,-75,-85,-84,-122,-86,-70,-9,-13,-8,0,40,-29,-3,-36,-36,-32,-34,-47,-41,-43,-31,-14,60,-4,-16,-70,-64,-69,-88,-100,-100,-142,-118,-177,-175,-184,-173,-176,-169,-173,-170,-182,-166,-285,-253,-216,-83,-111,-26,-26,-26,-26,-26,-21,-22,-81,-81,-91,-8,-8,-8,-8,-8,-8,-8,-8,-8,-8,-8,-8,0,0,0,0,0,-8,-8,-8,-8,-8,-8,-8,-8,-4133,-4133,-4112,-8,-8,0,-8,-1,-8,0,-8,-8,-8,-8,-8,-8,-8,-8,-8,-8,-8,-8,-8]} 1. e4 c5 2. Nf3 e6 3. d4 cxd4 4. Nxd4 Nc6 5. Nc3 a6 6. g4 {B46: Sicilian: Taimanov: 5 Nc3 a6} (6. Be3 Nf6 7. Bd3 Qc7 8. O-O h5 9. h3 b5 10. Qd2 Bb7 11. Rae1 Ne5 12. f4 Nc4 13. Bxc4 Qxc4 14. e5 Ne4 15. Nxe4 Bxe4 16. b3 Qd5 17. Rd1 Rc8 {0-1 (44) Vachier Lagrave,M (2778)-Kamsky,G (2666) Germany 2019}) 6... Nge7 7. Be3 b5 8. Bg2 $146 ({Predecessor:} 8. Nb3 Na5 9. g5 Nec6 10. Bg2 Nc4 11. Bc1 Be7 12. h4 Bb7 13. Qe2 Rc8 {0-1 (30) Hansen,S (2558)-Andersson,U (2623) Germany 2000}) 8... Bb7 9. Nb3 (9. f4 $11) 9... Ne5 $17 10. Nc5 {[#]} Bc6 $1 11. Nd3 N7g6 12. Nxe5 Nxe5 13. O-O Nc4 14. Bc1 Bc5 15. g5 h6 16. Qh5 g6 (16... Bd4 $15) 17. Qh3 $1 $11 Bd4 18. gxh6 Qf6 19. Qg4 (19. Qg3 $1 $14) 19... Qe5 20. a4 (20. Bf4 $5 {[%cal Rf4e5]} Qc5 21. Rab1 $11) 20... O-O 21. axb5 axb5 22. Rxa8 Rxa8 23. Nd1 Ra1 {[%mdl 1024] Black has compensation.} 24. Bf4 Qc5 (24... Qh5 $11 25. Qxh5 gxh5) 25. c3 ({White should try} 25. b3 $14) 25... Bf6 $36 {[%mdl 2048] Black is more active.} 26. Qg3 (26. b3 $11 Ne5 27. Qg3) 26... Qh5 $1 $15 27. Bf3 Qh4 28. b3 Na5 29. Ne3 Rxf1+ 30. Kxf1 (30. Nxf1 $17 {was worth a try.} Qxg3+ 31. fxg3) 30... Qxg3 $19 31. hxg3 Bxc3 32. Nd1 Bb4 33. Ne3 Nxb3 34. Ng4 Be7 35. Kg2 (35. Be5 $142) 35... g5 36. Be3 Kh7 (36... Nc5 $19 {and Black stays clearly on top.} 37. Ne5 Bxe4 38. Bxc5 Bxf3+ 39. Kxf3 Bxc5 40. Nxd7 Bd4) 37. Ne5 $17 f6 ({Better is} 37... Na5 $17 {Strongly threatening ...b4.} 38. Nxf7 {[#]} g4 $1 {[%mdl 512]} 39. Bxg4 b4) 38. Nxc6 $11 dxc6 {[%mdl 4096] Endgame KBB-KBN} 39. e5 $1 c5 40. Bc6 b4 41. Bd7 (41. exf6 $1 $11 {remains equal.} Bxf6 42. Bd7) 41... fxe5 $17 42. Bxe6 Na1 (42... Na5 $17 43. Kf3 Kxh6) 43. Kf3 $11 Kxh6 44. Ke4 Nc2 45. Kxe5 Kg7 46. Kf5 Na3 47. g4 c4 48. f4 gxf4 49. Bxf4 Bf6 50. g5 Ba1 51. Ke4 b3 {White must now prevent ...b2.} 52. Bf5 Kf7 (52... Bc3 $5) 53. Kd5 Bg7 {...c3 is the strong threat.} 54. g6+ Kg8 {aiming for ...c3.} 55. Be6+ $2 {[%mdl 8192]} (55. Kc5 $11) 55... Kh8 $19 56. Bd6 b2 $2 (56... Nc2 $19 57. Be5 c3 {[%mdl 64] X-Ray Attack} 58. Bxc3 Bxc3) 57. Bf5 $11 {The position is equal.} Nb5 {Threatens to win with ...Nd4.} 58. Bc5 c3 59. Kc4 Nc7 60. Bd4 Bxd4 61. Kxd4 {KB-KN} Nb5+ 62. Kc4 Nd6+ 63. Kxc3 Nxf5 64. Kxb2 Kg7 65. Kc2 Kxg6 66. Kd3 {Accuracy: White = 45%, Black = 54%.} 1/2-1/2

[Event "6th Porticcio Open 2019"]
[Site "Porticcio"]
[Date "2019.06.30"]
[Round "2.2"]
[White "Onischuk, Vladimir"]
[Black "Can, Isik"]
[Result "1-0"]
[WhiteElo "2630"]
[BlackElo "2379"]
[Annotator "TA"]
[PlyCount "79"]
[EventDate "2019.06.23"]
[EventType "swiss"]
[EventCountry "FRA"]
[SourceTitle "playchess.com"]
[Source "ChessBase"]
[SourceQuality "1"]

{[%evp 10,79,29,16,29,8,9,9,9,9,0,0,0,0,0,0,0,0,0,-20,0,0,0,0,0,0,0,0,0,0,0,0,11,-13,12,0,30,0,27,6,12,0,12,0,20,0,0,0,11,7,0,0,4,2,6,8,10,8,31,29,37,33,39,13,13,14,27,27,15,29,406,-6]} 1. e4 c6 2. d4 d5 3. Nc3 dxe4 4. Nxe4 Bf5 5. Ng3 Bg6 6. c3 e6 {B18: Classical Caro-Kann: 4...Bf5 sidelines} 7. Nh3 c5 8. Qb3 Qb6 {The position is equal.} 9. Qxb6 axb6 10. dxc5 Bxc5 $146 ({Predecessor:} 10... bxc5 11. Nf4 Bc2 12. Bb5+ Nd7 13. a4 O-O-O 14. Kd2 {1-0 (50) Onischuk,V (2602)-Donchenko,A (2581) Bastia 2016}) 11. Nf4 Bc2 12. Bb5+ Nc6 13. Nd3 Nge7 14. Ke2 O-O-O 15. Nxc5 bxc5 16. Be3 Nd5 17. Rhc1 Bg6 18. Rd1 Nxe3 19. Kxe3 Ne5 20. Be2 Kc7 21. h4 f6 22. h5 Bf5 23. f3 g6 24. Rxd8 Rxd8 25. hxg6 Bxg6 26. b3 b6 27. Rd1 Ra8 28. Rd2 c4 29. Ne4 Bxe4 30. Kxe4 $11 {[%mdl 4096] Endgame KRB-KRN} Ra3 31. Rb2 cxb3 32. axb3 {[%cal Ba2b3,Bb3b4][%mdl 32]} Nd7 33. Kd4 Nc5 34. b4 e5+ 35. Kd5 Na4 36. Rd2 Nxc3+ 37. Ke6 e4 38. fxe4 Nxe4 39. Rd7+ Kc6 $2 {[%mdl 8192] [#]} (39... Kc8 $11 {and Black has nothing to worry.}) 40. b5+ {[%mdl 32768] Accuracy: White = 57%, Black = 55%. . Loss on time!?} 1-0

[Event "6th Porticcio Open 2019"]
[Site "Porticcio"]
[Date "2019.06.30"]
[Round "2.3"]
[White "Donchenko, Alexander"]
[Black "Bressac, Stephane"]
[Result "1-0"]
[WhiteElo "2618"]
[BlackElo "2345"]
[Annotator "TA"]
[PlyCount "47"]
[EventDate "2019.06.23"]
[EventType "swiss"]
[EventCountry "FRA"]
[SourceTitle "playchess.com"]
[Source "ChessBase"]
[SourceQuality "1"]

{[%evp 19,87,53,67,69,102,81,87,85,99,87,88,58,103,71,101,69,81,89,85,69,131,141,204,206,203,132,280,306,362,365,403,390,390,399,391,262,208,204,196,177,453,437,392,401,858,870,943,863,845,844,816,806,6279,6212,29978,29978,29977,29978,5289,1518,1891,237,912,817,848,824,29985,29986,29998,29999]} 1. d4 d6 2. Nf3 Nf6 3. c4 g6 4. Nc3 Nbd7 5. e4 e5 6. Be2 Bg7 7. O-O O-O 8. Be3 Qe7 9. Qc2 c6 10. Rad1 Re8 11. d5 $1 {E94: King's Indian: Classical: 6 Be2 e5 7 0-0: Various Black 7th moves} c5 12. h3 (12. g3 Nf8 13. Nh4 h5 14. f3 N6h7 15. Bd3 Ng5 16. Kh1 Nh3 17. Qd2 Bf6 18. Ng2 g5 {½-½ (47) Pelletier,Y (2544)-Perez Candelario,M (2590) Batumi 2018}) 12... Nh5 13. g3 $146 {White is better.} ({Predecessor:} 13. Nb5 Nf8 14. Bxc5 dxc5 15. d6 Qd8 16. Nc7 Bd7 17. Nxa8 Qxa8 {0-1 (30) Bogdanovic,D (1981)-Bojkovic,S (2227) Nis 2014}) 13... Nb6 14. Kh2 Rf8 15. Nd2 Bd7 16. a3 a5 17. Rb1 f5 18. exf5 Bxf5 19. Nce4 Nf4 {[#]} (19... Nd7 $14) 20. Bg4 $1 $16 h5 (20... Qd7 $16) 21. Bxf5 $18 gxf5 22. Nxc5 ({But not} 22. gxf4 $6 exf4 23. Nf6+ Qxf6 $16) 22... dxc5 (22... Nfxd5 $16 {might work better.} 23. cxd5 dxc5) 23. gxf4 Nd7 24. Rbe1 {Played: Rf1-g1} 1-0